Using modern methods of construction to build homes more quickly and efficiently (Record no. 104834)

MARC details
000 -LEADER
fixed length control field 01073cam a2200193 4500
001 - CONTROL NUMBER
control field ##L131766
008 - FIXED-LENGTH DATA ELEMENTS--GENERAL INFORMATION
fixed length control field 051207n2005 000 0 eng u
035 ## - SYSTEM CONTROL NUMBER
System control number (Sirsi) u131766
041 0# - LANGUAGE CODE
Language code of text/sound track or separate title eng
050 04 - LIBRARY OF CONGRESS CALL NUMBER
Classification number 693.97 $2 18
110 1# - MAIN ENTRY--CORPORATE NAME
Corporate name or jurisdiction name as entry element United Kingdom
Subordinate unit National Audit Office
9 (RLIN) 1350
245 00 - TITLE STATEMENT
Title Using modern methods of construction to build homes more quickly and efficiently
Medium [electronic resource]
260 ## - PUBLICATION, DISTRIBUTION, ETC.
Place of publication, distribution, etc. London
Name of publisher, distributor, etc. NAO
Date of publication, distribution, etc. 2005
520 ## - SUMMARY, ETC.
Summary, etc. Finds that modern methods of construction should make it possible to build up to four times as many homes than with traditional techniques with the same amount of on-site labour, while on-site construction time can be reduced by up to half. Building performance can be at least as good as with traditional building methods but average costs of modern methods are currently higher than average costs of traditional methods.
590 ## - LOCAL NOTE (RLIN)
Local note IKA061205
690 ## - LOCAL SUBJECT ADDED ENTRY--TOPICAL TERM (OCLC, RLIN)
Topical term or geographic name as entry element BUILT ENVIRONMENT-CONSTRUCTION DESIGN
856 40 - ELECTRONIC LOCATION AND ACCESS
Uniform Resource Identifier <a href="https://www.nao.org.uk/pn/05-06/mmc.htm">https://www.nao.org.uk/pn/05-06/mmc.htm</a>
Public note View the report free of charge at www.nao.gov.uk...
942 ## - ADDED ENTRY ELEMENTS (KOHA)
Suppress in OPAC 0
Holdings
Withdrawn status Lost status Source of classification or shelving scheme Damaged status Not for loan Home library Current library Shelving location Date acquired Total Checkouts Full call number Barcode Date last seen Copy number Price effective from Koha item type
    Dewey Decimal Classification     Virtual Virtual Online 07/12/2005   ONLINE PUBLICATION 131766-1001 06/08/2019 1 06/08/2019 Book